Statystyki dla Przedstawiciele romantyzmu (wybrani)

Kliknij tutaj aby rozwiązać quiz!

Ogólne statystyki

  • Ten quiz został rozwiązany 38 razy
  • Średni wynik to 4 z 15

Statystyki odpowiedzi

HintOdpowiedź% Poprawnych
PoetaAdam Mickiewicz
100%
PoetaJuliusz Słowacki
97%
PoetaCyprian Kamil-Norwid
57%
PoetaZygmunt Krasiński
57%
PoetaJohann Wolfgang von Goethe
13%
MalarzEugene Delacroix
7%
PisarzAleksander Puszkin
3%
MalarzCaspar David Friedrich
3%
PoetaGeorge Gordon Byron
3%
PisarzMichaił Lermontow
3%
Pisarz, poetaVictor Hugo
3%
PoetaWincenty Pol
3%
PoetaKonrad Rylejew
0%
PoetaKornel Ujejski
0%
MalarzWilliam Blake
0%

Rozkład punktacji

Percentyl według liczby udzielonych odpowiedzi

Procent ludzi z każdym wynikiem

Twoja historia wyników

Nie rozwiązałeś tego quizu